00733nam a2200205 a 450000100100000000500170001000800410002704000250006808200200009310000380011324500880015126000950023930000280033449000250036250400320038765000210041965000290044070000330046983000250050200000721520200929154111.0090907t1989 dr a 001 0 spa d aDO-SdBNPbspacBNPHU a615.85153bE82t1 aEstrella Cortinas, Clara Berení10aTerapia de juego /cClara Berení Estrella Cortinas ; Francisca Villar de la Cruz. aSanto Domingo :bCentro de Psicoterapia y Documentación Infanto-Juvenil y Adulto,c1989. a122 p. :bil. ;c21 cm.1 aDocumentación ;v1 aBibliografía : p. 119-122 4aTerapia de juego 4aTerapéutica recreativa1 aVillar de la Cruz, Francisca 0aDocumentación ;n1